| 000 | 00448nam a22001577a 4500 | ||
|---|---|---|---|
| 999 |
_c10477 _d10477 |
||
| 003 | GBCCL | ||
| 005 | 20241126110733.0 | ||
| 008 | 240808b ||||| |||| 00| 0 eng d | ||
| 040 | _cgbc | ||
| 082 |
_a050 _bMAN |
||
| 245 |
_aManmasi yearbook : _b2006-2007 / _cTimothy Z Zote, editor |
||
| 260 |
_aChurachandpur : _bManmasi yearbook, inc pvt, _c2007 |
||
| 300 | _a719p | ||
| 650 |
_aGeneralities _vEncyclopedia _xYearbook _918253 |
||
| 942 |
_2ddc _cBK _01 |
||